[Event "GBR-ch Major op 109th"]
[Site "Leicester"]
[Date "2023.07.22"]
[Round "1"]
[White "Graham, Danny"]
[Black "Dicen, Elis Denele"]
[Result "0-1"]
[WhiteElo "1715"]
[BlackElo "1925"]
[PlyCount "96"]
[EventDate "2023.07.22"]
[EventType "swiss"]
[EventRounds "9"]
[EventCountry "ENG"]
[SourceTitle "EXT 2024"]
[Source "ChessBase"]
[SourceDate "2023.10.10"]
[SourceVersion "1"]
[SourceVersionDate "2023.10.10"]
[SourceQuality "1"]

1. d4 d5 2. c4 e6 3. Nc3 Nf6 4. Bg5 a6 5. cxd5 exd5 6. e3 c6 7. Bd3 Nbd7 8. Nge2 Be7 9. 0-0 h6 10. Bh4 Nh5 11. Bxe7 Qxe7 12. Qd2 0-0 13. Rae1 Nhf6 14. f3 c5 15. dxc5 Nxc5 16. Nf4 Be6 17. Nxe6 Nxe6 18. Bc2 Rfd8 19. Bb3 Qc5 20. Ne2 a5 21. a3 Qb6 22. Ba2 a4 23. Nd4 Nxd4 24. Qxd4 Qxd4 25. exd4 b5 26. Re7 Rab8 27. Ra7 Rdc8 28. Rf2 Rc1+ 29. Rf1 Rbc8 30. Re7 R8c2 31. Rxc1 Rxc1+ 32. Kf2 Ra1 33. Bxd5 Nxd5 34. Rb7 Rd1 35. Rxb5 Rxd4 36. Rb8+ Kh7 37. Rd8 Rd3 38. g3 Kg6 39. Rb8 Rd2+ 40. Kg1 Ne3 41. Rb6+ f6 42. Rb4 Nd1 43. Rxa4 Nxb2 44. Rb4 Nd3 45. Rd4 Rd1+ 46. Kg2 Ne1+ 47. Kf2 Rxd4 48. Kxe1 Ra4 0-1